| 000 | 00782cab a2200229 4500 | ||
|---|---|---|---|
| 001 | X77834 | ||
| 008 | 090401t1997 xxu||||| |||| 00| 0 eng d | ||
| 035 | _a(Sirsi) u77834 | ||
| 041 | _aeng | ||
| 245 | _aBabergh DC v Watts and Brown | ||
| 260 | _c1997 | ||
| 350 | _a0 | ||
| 490 |
_aPlanning Appeal Decisions _v(1997) 12 PAD April 108-114(7) |
||
| 520 | _aAlterations to parts of front gardens - conservation area - close to listed building - council clearly set out its reasons for refusal - no costs order. HEADNOTE FROM JOURNAL (X-RECORD). | ||
| 650 | _aBABERGH DC AND WATTS AND BROWN | ||
| 650 | _aCONSERVATION AREA | ||
| 650 | _aEXCAVATION WORKS | ||
| 650 | _aLISTED BUILDINGS | ||
| 690 | _aPLANNING LAW AND PRACTICE-CASE LAW | ||
| 942 | _n0 | ||
| 948 | _c21/04/1997 | ||
| 999 |
_c48935 _d48935 |
||